书目信息 |
| 题名: |
体操
|
|
| 作者: | 本书组编 | |
| 分册: | ||
| 出版信息: | 北京 人民体育出版社 1979.01 |
|
| 页数: | 494页 | |
| 开本: | 20cm | |
| 丛书名: | ||
| 单 册: | ||
| 中图分类: | G83 | |
| 科图分类: | ||
| 主题词: | 体操 | |
| 电子资源: | ||
| ISBN: | ||
| 000 | 00467nam0 2200193 450 | |
| 001 | 0733756546 | |
| 005 | 20071122092549.77 | |
| 010 | @dCNY1.90 | |
| 100 | @a20071122d1979 km y0chiy0120 ea | |
| 101 | 0 | @achi |
| 102 | @aCN@b110000 | |
| 102 | @aCN@b110000 | |
| 200 | 1 | @a体操@Ati cao@f本书组编@Fben shu zu bian |
| 210 | @a北京@c人民体育出版社@d1979.01 | |
| 215 | @a494页@d20cm | |
| 606 | 0 | @a体操 |
| 690 | @aG83@v4 | |
| 801 | 0 | @aCN@bPFT@c20071122 |
| 905 | @aBZT@dG83@e34 | |
| 体操/本书组编.-北京:人民体育出版社,1979.01 |
| 494页;20cm |
| ISBN :CNY1.90 |
| ● |
| 相关链接 |
|
|
|
正题名:体操
索取号:G83/34
 
预约/预借
| 序号 | 登录号 | 条形码 | 馆藏地/架位号 | 状态 | 备注 |
| 1 | 030809 | 200859179 | 中心书库北库/ 北库026架A面4列5层25/ [索取号:G83/34] | 在馆 | |
| 2 | 030810 | 200859295 | 中心书库北库/ 北库026架A面4列5层27/ [索取号:G83/34] | 在馆 | |
| 3 | 030812 | 200859302 | 中心书库北库/ 北库026架A面4列5层29/ [索取号:G83/34] | 在馆 | |
| 4 | 030813 | 200859311 | 中心书库北库/ 北库026架A面5列2层13/ [索取号:G83/34] | 在馆 | |
| 5 | 030814 | 200859320 | 中心书库北库/ 北库026架A面4列5层28/ [索取号:G83/34] | 在馆 | |
| 6 | 030815 | 200859188 | 中心书库北库/ 北库026架A面4列5层24/ [索取号:G83/34] | 在馆 |